00400nam a2200121Ia 4500008004100000020001800041100001900059245008800078260003900166300003800205500001900243650001600262191118s9999 xx 000 0 und d a9780198427179 aAwada, Natasha cNatasha AwadaaMathematics: analysis and approachesbhigher level course companion/ aUK:bOxford University Pressc2019 ax, 842 p. ;bcol. ill. :c250 cm. aIncludes index aMathematics